Advances in enzymology and related areas of molecular biology

Advances in Enzymology and Related Areas of Molecular Biology covers the advances in enzymology, explaining the behavior of enzymes and how they can be utilized to develop novel drugs, synthesize known and novel compounds, and understand evolutionary processes.

Uloženo v:
Podrobná bibliografie
Médium: Kniha
Jazyk:Undetermined
Vydáno: Hoboken, New Jersey John Wiley & Sons 2007
Témata:
Tagy: Přidat tag
Žádné tagy, Buďte první, kdo otaguje tento záznam!
Thư viện lưu trữ: Trung tâm Học liệu Trường Đại học Cần Thơ
LEADER 00932nam a2200205Ia 4500
001 CTU_165731
008 210402s9999 xx 000 0 und d
020 |c 169 
082 |a 612.0151 
082 |b A244/Vol.75 
245 0 |a Advances in enzymology and related areas of molecular biology 
245 0 |c Edited by Eric J. Toone ; Founded by F. F. Nord 
260 |a Hoboken, New Jersey 
260 |b John Wiley & Sons 
260 |c 2007 
520 |a Advances in Enzymology and Related Areas of Molecular Biology covers the advances in enzymology, explaining the behavior of enzymes and how they can be utilized to develop novel drugs, synthesize known and novel compounds, and understand evolutionary processes. 
650 |a Biochemistry,Enzymes,Biochemistry,Hóa sinh,Sinh học phân tử,Enzym 
650 |x Enzymes,Enzym 
904 |i Bich Tram, Bạch Trúc 
980 |a Trung tâm Học liệu Trường Đại học Cần Thơ